000 00825nam a2200217 i 4500
001 150006
003 ES-MaACL
005 20250811100113.0
007 t|
008 071025s1954 sp ||||1| spa d
100 1 _aVeldt, James A. van der.
_9113822
245 1 0 _aPsiquiatría y catolicismo /
_cpor James H. vander Veldt... y Robert P. Odenwald ; prólogo de... el Dr. Patrick A. O'Boyle ; obra traducida del inglés y puesta al día... por el R. P. Dr. Gonzalo Palacios de Borao...
260 _aBarcelona :
_bLuis de Caralt,
_c1954.
300 _aXXXIX, 502 p., ;
_c22 cm.
650 1 7 _aPsiquiatría
_2embne
_916586
650 4 _aPsicopatología.
_916577
700 1 _aOdenwald, Robert P.
_986523
700 1 _aPalacios de Borao, Gonzalo.
_988427
852 _aES-MaACL
_jC-9118
_bR.37146
999 _c150006
_d150006